000 00681nam a2200193 4500
008 010718s1991 us 0 engYA
020 _a0385175930
090 _aBS192.2
_bAn2
_bDeu
100 1 _aWeinfeld, Moshe
730 0 _aBible. O.T. Deuteronomy I-XI. English. Weinfeld. 1991.
245 1 0 _aDeuteronomy 1-11 :
_ba new translation with introduction and commentary /
_cMoshe Weinfeld
260 _aNew York :
_bDoubleday,
_cc1991.
300 _axiv, 458 p.
490 1 _aThe Anchor Bible;
_v5
504 _aBiblio. : pp. 85-122.
650 4 _aBible. O.T. Deuteronomy I-XI
_xCommentaries
950 0 _023.95
951 _p14154
_oBS192.2/An2/Deu
_j070613110938015
_d2000-12-21
_cREF
999 _c2489
_d2489